| 000 | 00828nam a2200265 a 4500 | ||
|---|---|---|---|
| 001 | 51255 | ||
| 003 | BD-RjUL | ||
| 005 | 20211209075631.0 | ||
| 008 | 961108s19491914enka b 001 0 eng d | ||
| 035 | _a(BD-RjUL)51375 | ||
| 035 | _a(OCoLC)01474193 | ||
| 040 |
_aIPL _cDZM _dIPL _dBD-RjUL _beng |
||
| 041 | _aeng | ||
| 082 |
_a515 _bCAI 1949 |
||
| 090 |
_aQA303 _b.C33x 1914 |
||
| 100 | 1 |
_aCaunt, G. W. _q(George William) _9153332 |
|
| 245 | 1 | 3 |
_aAn introduction to the infinitesimal calculus : _bwith applications to mechanics and physics / _cby G.W. Caunt. |
| 260 |
_aOxford : _bClarendon Press _c1914, [reprint 1949] |
||
| 300 |
_axx, 568 p. : _bill. ; _c23 cm. |
||
| 500 | _aIncludes index. | ||
| 650 | 0 |
_aCalculus. _9153333 |
|
| 650 | 0 |
_aDifferential equations. _9153334 |
|
| 942 |
_2ddc _cBK |
||
| 949 |
_aw _p39080013401432 |
||
| 999 |
_c51255 _d51255 |
||